• 首页
  • 本馆介绍
  • 公告通知
  • 最新文献
  • 馆藏检索
  • 电子资源
  • 读者导购
  • 参考咨询
  • 我的图书馆
  • 登录
  • 详细信息显示
  • 放入我的书架
  • 预约/预借图书
  • 作者相关作品
  • 分类相关作品
  • 丛书相关作品
  • 出版社相关作品

书目信息

  • 表格格式
  • 工作单格式
  • 卡片格式
题名:
有机合成单元过程
    
 
作者: 田铁牛 编
分册:  
出版信息: 北京   化学工业出版社  2015.11
页数: 332页
开本: 26cm
丛书名:
单 册:
中图分类: TQ202
科图分类:
主题词: 有机合成--化工过程--高等教育--教材
电子资源:
ISBN: 978-7-122-08857-4
000 00844nam0 2200253 450
001 0400002791
005 20171026085507.01
010    @a978-7-122-08857-4@dCNY35.00
100    @a20101118d2010 em y0chiy50 ea
101 0  @achi
102    @aCN@b110000
105    @ay z 000yy
106    @ar
200 1  @a有机合成单元过程@9you ji he cheng dan yuan guo cheng@f田铁牛编
205    @a第2版
210    @a北京@c化学工业出版社@d2015.11
215    @a332页@c图@d26cm
300    @a教育部高职高专规划教材
330    @a本书内容包括:有机合成的化学物质、有机合成理论基础、有机合成工艺基础、硝化及亚硝化、烷基化、还原、重氮化及重氮盐转化、有机合成现代技术介绍等。
606 0  @a有机合成@x化工过程@x高等教育@j教材
690    @aTQ202@v4
701  0 @a田铁牛@9tian tie niu@4编
801  0 @aCN@b91MARC@c20171021
905    @b1032710-4@dTQ202@f5@e38=2
    
    有机合成单元过程/田铁牛编.-第2版.-北京:化学工业出版社,2015.11
    332页:图;26cm
    教育部高职高专规划教材
    
    ISBN 978-7-122-08857-4:CNY35.00
    本书内容包括:有机合成的化学物质、有机合成理论基础、有机合成工艺基础、硝化及亚硝化、烷基化、还原、重氮化及重氮盐转化、有机合成现代技术介绍等。
●
相关链接 在E读中查询图书 在五车中查询图书 在当当中查询图书 在豆瓣中查询图书


正题名:有机合成单元过程     索取号:TQ202/38=2         预约/预借

序号 登录号 条形码 馆藏地/架位号 状态 备注
1 1032710   210327109   第二样本阅览室/ [索取号:TQ202/38=2] 在馆    
2 1032711   210327118   密集书库-化学系/ [索取号:TQ202/38=2] 在馆    
3 1032712   210327127   第三借阅区/ [索取号:TQ202/38=2] 在馆    
4 1032713   210327136   第三借阅区/ [索取号:TQ202/38=2] 在馆    
5 1032714   210327145   第三借阅区/ [索取号:TQ202/38=2] 在馆    
唐山师范学院图书馆 欢迎您!
大连网信软件有限公司© 版权所有